Estatísticas para Que Logos São Essas? #1

Clique aqui para jogar o quiz

Estatísticas Gerais

  • Esse quiz foi jogado 1 427 vezes
  • A pontuação média é 19 de 24

Estatísticas das Respostas

Resposta% Correto
Adidas
99%
Apple
99%
Nike
99%
Google
98%
Mickey Mouse/Disney
98%
McDonald's
94%
Puma
93%
Ferrari
92%
Pepsi
92%
Starbucks
90%
Wikipédia
90%
Carrefour
88%
Domino's Pizza
87%
Olimpíadas
87%
Audi
83%
Windows
83%
Firefox
82%
Pringles
82%
Android
81%
Walmart
72%
Kibon/Algida
70%
Dunkin' Donuts
33%
iMovie
22%
Tux Paint
8%

Distribuição das Pontuações

Percentil de Números Respondidos

Porcentagem de Pessoas com Cada Pontuação

Sua Pontuação Histórica

Você não jogou esse quiz